| 000 | 00558nam a2200217 a 4500 | ||
|---|---|---|---|
| 999 |
_c1952 _d1952 |
||
| 001 | 1952 | ||
| 003 | BD-JhCC | ||
| 005 | 20171026182820.0 | ||
| 008 | 171026s1956 nyn |||| |||| 000 0 eng d | ||
| 035 | _a(BD-JhCC)1952 | ||
| 040 |
_aBD-JhCC _dBD-JhCC |
||
| 041 | _aeng | ||
| 082 |
_a823.09 _bWEA 1956 |
||
| 100 | _aWeaver, Raymond | ||
| 245 |
_aShorter Novels of Herman Melville / _cMaymond Weaver |
||
| 260 |
_a New York : _bLiveright Pub. Corp, _cc1956 |
||
| 300 |
_a272 p. : _c18 cm. |
||
| 650 | _aEnglish Fiction | ||
| 942 |
_2ddc _cBK |
||